| 000 | 00410nam a22001457a 4500 | ||
|---|---|---|---|
| 003 | macl | ||
| 005 | 20190709170144.0 | ||
| 008 | 190709b xxu||||| |||| 00| 0 eng d | ||
| 040 | _cmacl | ||
| 100 |
_aBasu, Shantanu _975901 |
||
| 245 | _aThe Worm Within : Corruption and Erosion of India's Accountability Institution | ||
| 260 |
_aDelhi _bAuthors Press _c2015 |
||
| 650 |
_aCorruption _917056 |
||
| 942 |
_2ddc _cBK |
||
| 999 |
_c60512 _d60512 |
||